[Event "Titled Tue 17th Jun Early"]
[Site "chess.com INT"]
[Date "2025.06.17"]
[Round "9"]
[White "Vihaan Dumir"]
[Black "Gogolev, Artem"]
[Result "0-1"]
[WhiteTitle "CM"]
[BlackTitle "IM"]
[WhiteElo "2230"]
[BlackElo "2240"]
[WhiteFideId "25901010"]
[BlackFideId "4116615"]
[EventDate "2025.06.17"]

1. d4 Nf6 2. Bg5 c5 3. Bxf6 gxf6 4. d5 Qb6 5. Qc1 d6 6. c4 f5 7. Nc3 Bg7 8. e3
Nd7 9. Rb1 Ne5 10. Be2 Bd7 11. Nf3 Qa5 12. O-O Nxf3+ 13. Bxf3 Bxc3 14. Qxc3 Qxc3
15. bxc3 O-O-O 16. Rb2 Kc7 17. Rfb1 b6 18. Ra1 Rhg8 19. a4 a5 20. Kf1 Rb8 21. g3
Bc8 22. Be2 e6 23. h4 Bb7 24. Rab1 Ba6 25. Ke1 Rge8 26. Kd2 Rb7 27. Bd3 h6 28.
Rb3 Rbb8 29. R3b2 Rg8 30. Rb3 Rg4 31. Be2 Bxc4 32. Bxg4 Bxb3 33. Rxb3 fxg4 34.
dxe6 fxe6 35. Ke2 Rf8 36. c4 Kc6 37. e4 Rf6 38. Rd3 h5 39. Rd2 Rf7 40. Rd3 Rf8
41. Rd2 Rd8 42. Ke3 d5 43. exd5+ exd5 44. Kf4 d4 45. Kg5 Rh8 46. Kg6 Kd6 47. Kg7
Re8 48. Kg6 Rg8+ 49. Kxh5 Ke5 50. Kh6 Ke4 51. Kh7 Rd8 52. h5 d3 53. Kg7 Kd4 54.
h6 Kxc4 55. h7 Kc3 56. Rd1 Kc2 57. Rh1 d2 58. h8=Q Rxh8 59. Kxh8 d1=Q 60. Rxd1
Kxd1 61. Kh7 0-1

[Event "Titled Tue 17th Jun Early"]
[Site "chess.com INT"]
[Date "2025.06.17"]
[Round "9"]
[White "Mata Gonzalez, Jose Fernando"]
[Black "Lazaro Azcutia, Miguel"]
[Result "1-0"]
[WhiteTitle "CM"]
[BlackTitle "CM"]
[WhiteElo "2164"]
[BlackElo "2275"]
[WhiteFideId "5107423"]
[BlackFideId "54538254"]
[EventDate "2025.06.17"]

1. d4 d5 2. Nf3 Nf6 3. Bg5 e6 4. e3 h6 5. Bh4 Be7 6. Bd3 b6 7. Ne5 Bb7 8. O-O
O-O 9. f4 c5 10. c3 Ne4 11. Bxe7 Qxe7 12. Nd2 Nxd2 13. Qxd2 Nd7 14. g4 a5 15.
Rf3 Rfe8 16. Rh3 Nxe5 17. dxe5 d4 18. cxd4 cxd4 19. g5 hxg5 20. Bh7+ Kf8 21. Be4
g6 22. Bxb7 Qxb7 23. fxg5 Rad8 24. Qf2 Qe4 25. Rh8+ Ke7 26. Qf6+ Kd7 27. Rxe8
Kxe8 28. Rf1 Qxe3+ 29. Kg2 Qe4+ 30. Rf3 Qc2+ 31. Kh3 Qc7 32. Qh8+ Ke7 33. Rxf7+
Kxf7 34. Qh7+ Ke8 35. Qxc7 d3 36. Qc6+ Ke7 37. Qf3 d2 38. Qd1 Rd5 39. Kg4 Rd4+
40. Kf3 Kd7 41. Ke3 Rd5 42. Ke4 Kc6 43. a4 Kc5 44. h4 Rd4+ 45. Ke3 Rd5 46. Qxd2
Rxd2 47. Kxd2 Kd5 48. h5 gxh5 49. g6 h4 50. g7 h3 51. g8=Q h2 52. Qa8+ Kxe5 53.
Qh1 Kd4 54. Qxh2 Kc5 55. Qe5+ Kb4 56. Qxe6 Kxa4 57. Kc3 b5 58. Qb3# 1-0

[Event "Titled Tue 17th Jun Early"]
[Site "chess.com INT"]
[Date "2025.06.17"]
[Round "9"]
[White "Bulgak, Damir"]
[Black "Blackburn, Jonathan L B"]
[Result "1-0"]
[WhiteTitle "CM"]
[BlackTitle "FM"]
[WhiteElo "2213"]
[BlackElo "2207"]
[WhiteFideId "13528882"]
[BlackFideId "1801090"]
[EventDate "2025.06.17"]

1. d4 Nf6 2. Nf3 g6 3. c4 Bg7 4. g3 O-O 5. Bg2 d6 6. O-O c5 7. Nc3 Nc6 8. dxc5
dxc5 9. Be3 Qa5 10. Qa4 Nd7 11. Qxa5 Nxa5 12. Nd2 Rb8 13. Rac1 b6 14. b3 Bb7 15.
Bxb7 Rxb7 16. Nde4 Nc6 17. Rfd1 Nd4 18. Kg2 Nb8 19. Nd5 Nbc6 20. Bxd4 Nxd4 21.
e3 Nc6 22. h4 h6 23. h5 f5 24. Nec3 g5 25. Ne2 e6 26. Ndc3 Kf7 27. Rd6 Nb8 28.
Rcd1 Ke7 29. f4 Rd7 30. Rxd7+ Nxd7 31. Kf3 g4+ 32. Kf2 Nf6 33. Rd3 Nxh5 34. e4
fxe4 35. Nxe4 e5 36. Rd5 Rf5 37. Ke1 Nf6 38. Nd6 Nxd5 39. Nxf5+ Kf6 40. Nxg7 Nb4
41. Ne8+ Ke7 42. Nc7 exf4 43. Nxf4 Nxa2 44. Kd2 Nb4 45. Ncd5+ Kd6 46. Nxb4 cxb4
47. Ke3 b5 48. Kd4 Kc6 49. Nd3 a5 50. Ne5+ Kb6 51. c5+ Kc7 52. Nxg4 h5 53. Ne3
Kc6 54. Nd5 Kd7 55. Ne3 Kc6 56. Nc2 Kd7 57. Kd5 Kc7 58. c6 1-0

[Event "Titled Tue 17th Jun Early"]
[Site "chess.com INT"]
[Date "2025.06.17"]
[Round "9"]
[White "El Zein, Zayne-Eddine"]
[Black "Safin Safarullakhan"]
[Result "1-0"]
[WhiteTitle "CM"]
[BlackTitle "CM"]
[WhiteElo "2194"]
[BlackElo "2028"]
[WhiteFideId "5313210"]
[BlackFideId "33379475"]
[EventDate "2025.06.17"]

1. f4 d5 2. Nf3 c5 3. e3 Nf6 4. b3 g6 5. Bb2 Bg7 6. Be2 O-O 7. O-O Nc6 8. Ne5 d4
9. Nxc6 bxc6 10. Bf3 Nd5 11. Qc1 Ba6 12. Re1 Qd7 13. Na3 Rab8 14. Rb1 Nb4 15. d3
Nxa2 16. Qd2 Nb4 17. e4 f5 18. e5 Nd5 19. Nc4 Bxc4 20. bxc4 Ne3 21. Ba3 Bh6 22.
g3 g5 23. fxg5 Bxg5 24. Bxc5 Rxb1 25. Rxb1 f4 26. g4 Nxg4 27. Qg2 h5 28. h3 Qf5
29. hxg4 Qxe5 30. Ba3 Qe3+ 31. Qf2 Qe6 32. Re1 Qf6 33. Bxe7 Qg6 34. gxh5 Qg7 35.
Bxg5 Qxg5+ 36. Qg2 Qg3 37. Qxg3+ fxg3 38. Kg2 a5 39. Kxg3 Rb8 40. Ra1 Rb2 41.
Rxa5 Rxc2 42. Bxc6 Rc3 43. Be4 Kg7 44. Kf4 Kh6 45. Ke5 Rc1 46. Kxd4 Rg1 47. Rd5
Rg7 48. Rd6+ Kxh5 49. Rg6 Rxg6 50. Bxg6+ Kxg6 51. Kc5 Kf7 52. Kb6 Ke7 53. Kb7
Kd6 54. d4 Ke6 55. c5 Kd5 56. c6 1-0

[Event "Titled Tue 17th Jun Early"]
[Site "chess.com INT"]
[Date "2025.06.17"]
[Round "9"]
[White "Rahman, Masruri"]
[Black "Asensio Ramos, Enrique Fernando"]
[Result "1-0"]
[WhiteTitle "FM"]
[BlackTitle "CM"]
[WhiteElo "2407"]
[BlackElo "2200"]
[WhiteFideId "7101163"]
[BlackFideId "2214172"]
[EventDate "2025.06.17"]

1. d4 d5 2. Bf4 c5 3. e3 Nc6 4. Nf3 cxd4 5. exd4 f6 6. Nbd2 g5 7. Bg3 g4 8. Nh4
Nxd4 9. c3 Nc6 10. Bd3 Nh6 11. Qe2 e5 12. Nb3 Be6 13. Rd1 Qb6 14. Bb5 O-O-O 15.
O-O a6 16. Bd3 a5 17. Bb5 Na7 18. Ba4 Bg7 19. Kh1 Qc7 20. f4 b6 21. fxe5 fxe5
22. Nd4 Bd7 23. Bxd7+ Rxd7 24. Ne6 Qc4 25. Qxc4+ dxc4 26. Rxd7 Kxd7 27. Nxg7 Nc6
28. Rf6 Ng8 29. Rf8 Nce7 30. Bxe5 h5 31. g3 Rh7 32. Ra8 Kc6 33. Bd4 Nd5 34. Rxg8
Rh6 35. Rc8+ Kb5 36. Ngf5 Rh7 37. Kg2 Ka6 38. Rxc4 Ne7 39. Rc7 Rh8 40. Rxe7 a4
41. Re6 a3 42. Rxb6+ Ka5 43. b4+ Ka4 44. Ne3 Rf8 45. Rf6 Re8 46. Nhf5 Rc8 47.
Nd6 Rc6 48. Rf5 Rc5 49. Rxc5 1-0

[Event "Titled Tue 17th Jun Early"]
[Site "chess.com INT"]
[Date "2025.06.17"]
[Round "9"]
[White "Zhigalko, Sergei"]
[Black "Sapocinic, Semion"]
[Result "1-0"]
[WhiteTitle "GM"]
[BlackTitle "FM"]
[WhiteElo "2572"]
[BlackElo "2296"]
[WhiteFideId "13502956"]
[BlackFideId "13908693"]
[EventDate "2025.06.17"]

1. e4 e5 2. Nf3 Nf6 3. d4 Nxe4 4. Bd3 d5 5. Nxe5 Nd7 6. Nxd7 Bxd7 7. O-O Bd6 8.
Nc3 Nxc3 9. bxc3 O-O 10. Qh5 f5 11. Re1 Qf6 12. Qf3 Qf7 13. Bf4 Rfe8 14. h4 g6
15. Qg3 Re6 16. Be5 f4 17. Qg5 Rae8 18. Re2 Bxe5 19. dxe5 Qe7 20. Qxf4 Rxe5 21.
Rae1 Rxe2 22. Rxe2 Qd8 23. h5 Rxe2 24. Bxe2 Bf5 25. h6 Qe7 26. Qd4 c6 27. c4 Qf8
28. cxd5 Qxh6 29. d6 Qc1+ 30. Bf1 Bd7 31. Qf6 Bf5 32. d7 Bxd7 33. Qd8+ Kg7 34.
Qxd7+ Kh6 35. Qxb7 Qxc2 36. Qxa7 c5 37. a4 c4 38. Qe3+ Kg7 39. Qd4+ Kh6 40. Qxc4
Qd1 41. Qb5 g5 42. a5 g4 43. a6 g3 44. Qb6+ Kg5 45. fxg3 Qb1 46. Qf2 Qb8 47. a7
Qa8 48. Qf4+ Kg6 49. Bd3+ Kg7 50. Qd4+ Kf7 51. Be4 Qxa7 52. Qxa7+ 1-0

[Event "Titled Tue 17th Jun Early"]
[Site "chess.com INT"]
[Date "2025.06.17"]
[Round "9"]
[White "Deng, Henry"]
[Black "Srihari, L"]
[Result "1-0"]
[WhiteTitle "FM"]
[BlackTitle "IM"]
[WhiteElo "2327"]
[BlackElo "2353"]
[WhiteFideId "30965454"]
[BlackFideId "46642056"]
[EventDate "2025.06.17"]

1. e4 c6 2. d4 d5 3. Nd2 dxe4 4. Nxe4 Nf6 5. Nxf6+ exf6 6. c3 Bd6 7. Bd3 O-O 8.
Qc2 Re8+ 9. Ne2 h6 10. O-O Nd7 11. Ng3 Nf8 12. Bd2 Be6 13. Rae1 Rc8 14. Ne4 Bb8
15. Nc5 Qd6 16. f4 b6 17. Nxe6 Nxe6 18. g3 c5 19. dxc5 Nxc5 20. Bb5 Rxe1 21.
Rxe1 a6 22. Bf1 b5 23. Be3 Ne6 24. Qd1 Qc7 25. Re2 Ba7 26. Bxa7 Qxa7+ 27. Kh1
Qc5 28. Bg2 Rd8 29. Rd2 Rxd2 30. Qxd2 g6 31. Bd5 Qd6 32. Qd3 Kg7 33. Be4 Qc5 34.
Kg2 a5 35. Bd5 Nc7 36. Bf3 Ne8 37. Qd5 Qb6 38. Qc6 Qxc6 39. Bxc6 Nd6 40. b4 axb4
41. cxb4 Kf8 42. Kf3 Ke7 43. Ke3 Kd8 44. Kd4 Kc7 45. Kc5 f5 46. Bxb5 Ne4+ 47.
Kd4 Nf2 48. Be2 g5 49. fxg5 hxg5 50. Ke5 f4 51. gxf4 gxf4 52. Kxf4 Kd6 53. a4
Nh3+ 54. Kf5 Ng1 55. Bg4 Kc6 56. h4 1-0

[Event "Titled Tue 17th Jun Early"]
[Site "chess.com INT"]
[Date "2025.06.17"]
[Round "9"]
[White "Popov, Tikhon"]
[Black "Bozorov, Javohir"]
[Result "1/2-1/2"]
[WhiteTitle "CM"]
[BlackTitle "FM"]
[WhiteElo "2173"]
[BlackElo "2039"]
[WhiteFideId "24252026"]
[BlackFideId "14216957"]
[EventDate "2025.06.17"]

1. a3 h5 2. e4 h4 3. d4 d6 4. Nc3 g6 5. Nf3 Bg7 6. Bg5 h3 7. gxh3 Bxh3 8. Qe2
Nc6 9. O-O-O Bg4 10. Be3 e5 11. dxe5 Nxe5 12. Bg2 Nxf3 13. Bxf3 Bxf3 14. Qxf3
Bxc3 15. bxc3 Rh5 16. e5 Rxe5 17. Qxb7 Ne7 18. Bd4 Rb8 19. Qf3 Re6 20. Rhe1 Qd7
21. Qh3 Qb5 22. Rxe6 fxe6 23. Qxe6 Qg5+ 24. Be3 Qf5 25. Qc4 Kd7 26. Rd4 Qf3 27.
Qa4+ Nc6 28. Rb4 Rh8 29. Rf4 Qh1+ 30. Kb2 Rb8+ 31. Rb4 Re8 32. h4 Qd5 33. Rb5
Qe4 34. Qxe4 Rxe4 35. h5 gxh5 36. Rxh5 a6 37. Rh7+ Kc8 38. Rh8+ Kb7 39. Rf8 Ne5
40. Kb3 Nc4 41. Rf4 Na5+ 42. Kb2 Nc4+ 43. Kb3 Na5+ 44. Ka2 Rxf4 45. Bxf4 Kc6 46.
Bg5 Kd5 47. Bd8 Ke4 48. Bxc7 Nc4 49. Kb3 d5 50. f4 Ne3 51. Be5 Nc4 52. Kb4 Ne3
53. Kc5 Nxc2 54. Kb6 Nxa3 55. Kxa6 Nc4 56. Bc7 d4 57. cxd4 Kxd4 58. f5 Kd5 59.
Kb5 Ne3 60. f6 Ke6 61. Be5 Nd5 62. Kc5 Nxf6 1/2-1/2

[Event "Titled Tue 17th Jun Early"]
[Site "chess.com INT"]
[Date "2025.06.17"]
[Round "9"]
[White "Xalmatov, Yakubjon"]
[Black "Kovalchuk, Alexey"]
[Result "0-1"]
[WhiteTitle "CM"]
[BlackTitle "FM"]
[WhiteElo "2096"]
[BlackElo "2304"]
[WhiteFideId "14201615"]
[BlackFideId "24154385"]
[EventDate "2025.06.17"]

1. e4 c5 2. Nf3 d6 3. Bb5+ Nd7 4. c4 Nf6 5. Nc3 g6 6. O-O Bg7 7. d3 O-O 8. Ba4
Ne5 9. Nxe5 dxe5 10. a3 Nh5 11. b4 Nf4 12. Bc2 Ne6 13. Be3 b6 14. bxc5 bxc5 15.
Rb1 Nd4 16. Nd5 e6 17. Nc3 f5 18. f3 Bd7 19. Ba4 Rf7 20. Nb5 a6 21. Nc3 h5 22.
Bxd4 exd4 23. Bxd7 Rxd7 24. Na4 Rc7 25. Qb3 Bh6 26. Qb6 Be3+ 27. Kh1 Qe7 28. f4
fxe4 29. dxe4 Kh7 30. f5 exf5 31. exf5 Rg8 32. f6 Qe5 33. f7 Rf8 34. Rf6 Rcxf7
35. Rxf7+ Rxf7 36. Qxc5 Qf4 37. h3 d3 38. Qd5 d2 39. Nc3 Re7 40. Rd1 Qg3 41. Qf3
Qe1+ 42. Kh2 Bg1+ 43. Kh1 Bf2+ 44. Rxe1 dxe1=Q+ 45. Kh2 Qg1# 0-1

[Event "Titled Tue 17th Jun Early"]
[Site "chess.com INT"]
[Date "2025.06.17"]
[Round "9"]
[White "Postny, Evgeny"]
[Black "Paravyan, David"]
[Result "0-1"]
[WhiteTitle "GM"]
[BlackTitle "GM"]
[WhiteElo "2525"]
[BlackElo "2589"]
[WhiteFideId "2804344"]
[BlackFideId "4194985"]
[EventDate "2025.06.17"]

1. d4 d5 2. Nf3 Nf6 3. c4 e6 4. g3 Be7 5. Bg2 O-O 6. O-O dxc4 7. Qc2 b5 8. a4
Bb7 9. axb5 a6 10. bxa6 Nxa6 11. Qxc4 Bd5 12. Qc3 c5 13. Bf4 Ne4 14. Qc1 cxd4
15. Nxd4 Nxf2 16. Nc6 Nh3+ 17. Bxh3 Qb6+ 18. Be3 Qxc6 19. Qxc6 Bxc6 20. Nc3 Nb4
21. Rxa8 Rxa8 22. Rd1 h6 23. Bg2 Bf6 24. Bd4 Bxg2 25. Bxf6 Nd5 26. Nxd5 Bxd5 27.
Bc3 f6 28. Kf2 Kf7 29. Rd4 Ra1 30. e4 Ba8 31. b4 Ra2+ 32. Rd2 Rxd2+ 33. Bxd2
Bxe4 34. Ke3 Bh1 35. h4 g5 36. b5 e5 37. hxg5 hxg5 38. Ba5 f5 39. Bd8 f4+ 40.
gxf4 exf4+ 41. Kd4 Kg6 42. b6 Kf5 43. Be7 g4 44. Kd3 g3 45. Ke2 Bb7 46. Bc5 Kg4
47. Ke1 Ba6 48. Bd4 Kh3 49. b7 Bxb7 50. Kf1 Kh2 51. Bg1+ Kh1 52. Bc5 g2+ 53. Ke1
g1=Q+ 0-1

[Event "Titled Tue 17th Jun Early"]
[Site "chess.com INT"]
[Date "2025.06.17"]
[Round "9"]
[White "Weerasekara, Dishal Nimsara"]
[Black "Thipsay, Bagyashree Sathe"]
[Result "1-0"]
[WhiteTitle "FM"]
[BlackTitle "WIM"]
[WhiteElo "2125"]
[BlackElo "2075"]
[WhiteFideId "9997431"]
[BlackFideId "5001013"]
[EventDate "2025.06.17"]

1. c4 e6 2. Nf3 f5 3. g3 Nf6 4. Bg2 Be7 5. O-O O-O 6. b3 d6 7. d4 a5 8. Bb2 Qe8
9. Nc3 d5 10. cxd5 exd5 11. Ne5 c6 12. Na4 Nbd7 13. Rc1 Bd6 14. Nd3 Ne4 15. Nac5
Ndxc5 16. dxc5 Bc7 17. f3 Nf6 18. Qd2 Be6 19. Nf4 Qf7 20. Bh3 Rae8 21. Qd4 Nd7
22. Nxe6 Rxe6 23. e4 Be5 24. Qd2 Bxb2 25. Qxb2 dxe4 26. fxe4 Rxe4 27. Bxf5 Qe7
28. Bxe4 Qxe4 29. Qd2 h6 30. Rxf8+ Nxf8 31. Rf1 Ne6 32. Qf2 Qe5 33. Qf7+ Kh7 34.
Qf5+ Qxf5 35. Rxf5 Kg6 36. g4 Nd4 37. Rf8 Ne6 38. Rb8 Nxc5 39. Kf2 Kg5 40. h3 g6
41. Kg3 Ne4+ 42. Kf3 Nc5 43. Ke3 h5 44. gxh5 gxh5 45. Kd4 1-0

[Event "Titled Tue 17th Jun Early"]
[Site "chess.com INT"]
[Date "2025.06.17"]
[Round "9"]
[White "Carlsson, Ludvig"]
[Black "Ter-Sahakyan, Samvel"]
[Result "1-0"]
[WhiteTitle "IM"]
[BlackTitle "GM"]
[WhiteElo "2379"]
[BlackElo "2611"]
[WhiteFideId "1727010"]
[BlackFideId "13302531"]
[EventDate "2025.06.17"]

1. Nf3 d5 2. d4 Nf6 3. c4 e6 4. Nc3 Nbd7 5. Bg5 h6 6. Bh4 g5 7. Bg3 c6 8. e3 Ne4
9. Nxe4 dxe4 10. Nd2 h5 11. Nxe4 Qa5+ 12. Ke2 h4 13. Bd6 Bxd6 14. Nxd6+ Ke7 15.
Nxc8+ Raxc8 16. Qd2 Qc7 17. f3 f5 18. Qc3 Nf6 19. Rd1 Rhd8 20. Kd2 c5 21. Kc2
cxd4 22. Rxd4 Rxd4 23. Qxd4 Rd8 24. Qxa7 Qd7 25. Qa3+ Kf7 26. Bd3 h3 27. gxh3
Qc6 28. Rf1 Rh8 29. f4 Rxh3 30. fxg5 Ne4 31. g6+ Kxg6 32. Rg1+ Kf7 33. Qa8 Rxh2+
34. Kb1 Nf6 35. Qd8 Rh1 36. Rxh1 Qxh1+ 37. Kc2 Qf3 38. Qd4 Ng4 39. e4 f4 40. e5
Ne3+ 41. Kc3 Nf5 42. Qd7+ Ne7 43. Qd4 Nc6 44. Qe4 Qxe4 45. Bxe4 Nxe5 46. Bxb7 f3
47. a4 Ke7 48. Kd4 f2 49. Bg2 Ng4 50. a5 Nh2 51. a6 e5+ 52. Kxe5 Nf3+ 53. Kd5
Ne1 54. Bf1 Nc2 55. a7 Ne3+ 56. Ke5 Nxf1 57. a8=Q Ne3 58. Qb7+ 1-0

[Event "Titled Tue 17th Jun Early"]
[Site "chess.com INT"]
[Date "2025.06.17"]
[Round "9"]
[White "Luong Phuong Hanh"]
[Black "Injac, Teodora"]
[Result "1-0"]
[WhiteTitle "WIM"]
[BlackTitle "IM"]
[WhiteElo "2121"]
[BlackElo "2457"]
[WhiteFideId "12401013"]
[BlackFideId "932400"]
[EventDate "2025.06.17"]

1. d4 Nf6 2. Nf3 g6 3. g3 Bg7 4. Bg2 O-O 5. O-O d5 6. c4 dxc4 7. Na3 a5 8. Nxc4
a4 9. Nce5 c6 10. Re1 Bf5 11. Nh4 Be4 12. Bxe4 Nxe4 13. Nhf3 Nd7 14. Qc2 Nd6 15.
Bf4 Nb5 16. Rad1 Nxe5 17. dxe5 Qc8 18. Ng5 h6 19. Nf3 g5 20. Be3 Qe6 21. Qe4 a3
22. Rb1 Qxa2 23. Bxg5 Qd5 24. Qxd5 cxd5 25. Bxe7 a2 26. Ra1 Rfc8 27. Bb4 d4 28.
Red1 Rc2 29. Rd2 Rc4 30. Ba3 Bf8 31. Rxa2 Rc1+ 32. Kg2 Bxa3 33. bxa3 Nc3 34.
Rac2 Rxc2 35. Rxc2 Nb5 36. Rb2 Nxa3 37. Nxd4 Ra7 38. Rb6 Kg7 39. Nf5+ Kf8 40.
Rxh6 Kg8 41. Rb6 Nc4 42. Rb4 Nxe5 43. Nd6 Nc6 44. Rxb7 Ra2 45. Rc7 Nd4 46. Rc8+
Kg7 47. e3 Ne6 48. Nf5+ Kf6 49. Nd6 Rd2 50. Ne4+ 1-0

[Event "Titled Tue 17th Jun Early"]
[Site "chess.com INT"]
[Date "2025.06.17"]
[Round "9"]
[White "Balavignan, Ashvin"]
[Black "Kurmangaliyeva, Liya"]
[Result "1/2-1/2"]
[WhiteTitle "CM"]
[BlackTitle "FM"]
[WhiteElo "2023"]
[BlackElo "2276"]
[WhiteFideId "3261425"]
[BlackFideId "13725831"]
[EventDate "2025.06.17"]

1. d4 f5 2. c4 Nf6 3. g3 e6 4. Bg2 d5 5. Nf3 Be7 6. O-O Nc6 7. b3 Ne4 8. Ba3 Bf6
9. e3 h5 10. h4 g5 11. hxg5 Bxg5 12. cxd5 exd5 13. Nxg5 Qxg5 14. Nd2 h4 15. Nf3
Qg7 16. Nxh4 Bd7 17. Qf3 O-O-O 18. Qf4 Rh5 19. Rfc1 Rdh8 20. Kf1 Be6 21. Rc2 Rg5
22. b4 Rg4 23. Qf3 Ng5 24. Qe2 Ne4 25. Qf3 Kb8 26. b5 Nd8 27. Rac1 c6 28. bxc6
bxc6 29. Rb2+ Ka8 30. Rcb1 Nf7 31. Bc5 Nfg5 32. Qe2 Nc3 33. Qa6 Nxb1 34. Rxb1
Ne4 35. Rb3 Nd2+ 36. Ke2 Nxb3 37. axb3 Qb7 38. Qa4 Qb5+ 39. Qxb5 cxb5 40. Bf3
Rgg8 41. Ng2 Kb7 42. Nf4 Bf7 43. Nxd5 Ka6 44. Nb4+ Ka5 45. Nc6+ Ka6 46. Nb4+ Ka5
47. Nc6+ Ka6 48. Nb4+ 1/2-1/2

[Event "Titled Tue 17th Jun Early"]
[Site "chess.com INT"]
[Date "2025.06.17"]
[Round "9"]
[White "Karpenko, Anton"]
[Black "Filev, Georgi"]
[Result "1-0"]
[WhiteTitle "CM"]
[BlackTitle "FM"]
[WhiteElo "2219"]
[BlackElo "2189"]
[WhiteFideId "34374353"]
[BlackFideId "2907500"]
[EventDate "2025.06.17"]

1. e4 c5 2. Nf3 d6 3. d4 cxd4 4. Nxd4 Nf6 5. Nc3 g6 6. Be3 Nc6 7. f3 h5 8. Qd2
Nxd4 9. Bxd4 Bh6 10. Qf2 Qa5 11. Bb5+ Kf8 12. O-O Be6 13. Ba4 Bf4 14. Bb3 h4 15.
Ne2 Be5 16. Bxe6 fxe6 17. Qe3 Bxd4 18. Nxd4 Kf7 19. Qb3 d5 20. e5 Nh5 21. f4 Qc5
22. Rad1 Ng7 23. Kh1 b6 24. c3 Nf5 25. Rf3 Rh5 26. Rh3 Rc8 27. Nf3 Qf2 28. Ng5+
Rxg5 29. fxg5 Rc4 30. Rf3 Qe2 31. Rdf1 Rg4 32. R3f2 Qxe5 33. Qa3 h3 34. g3 Qe4+
35. Rf3 Rxg5 36. Qxa7 Rg4 37. Qxb6 Qe2 38. Qf2 Qc4 39. b3 Qa6 40. Re1 Kg7 41.
Qe2 Qc6 42. Qxe6 Qa8 43. Kg1 d4 44. Qe5+ Kh7 45. Rxf5 gxf5 46. Qxf5+ Rg6 47.
Qxh3+ Kg8 48. Qg2 Qd8 49. cxd4 Qxd4+ 50. Kh1 Qc3 51. Qe4 Rf6 52. Qxe7 Rf7 53.
Qe4 Rf2 54. Qg6+ 1-0

[Event "Titled Tue 17th Jun Early"]
[Site "chess.com INT"]
[Date "2025.06.17"]
[Round "9"]
[White "Goncharov, Vladimir"]
[Black "Ivanov, Andrey A."]
[Result "1-0"]
[BlackTitle "CM"]
[WhiteElo "2077"]
[BlackElo "2120"]
[WhiteFideId "34162256"]
[BlackFideId "2514311"]
[EventDate "2025.06.17"]

1. d4 Nf6 2. c4 e6 3. Nf3 Bb4+ 4. Nbd2 Qe7 5. a3 Bxd2+ 6. Qxd2 d6 7. g3 O-O 8.
Bg2 e5 9. O-O Nc6 10. d5 Nb8 11. Qc2 g6 12. Bg5 Bf5 13. e4 Bg4 14. Ne1 Kg7 15.
Qd2 Kg8 16. f4 Nbd7 17. h3 Bh5 18. g4 Bxg4 19. hxg4 exf4 20. Qxf4 Kg7 21. Bh6+
Kg8 22. Bxf8 Rxf8 23. Nd3 Re8 24. Rae1 Kg7 25. Bf3 Ne5 26. Nxe5 dxe5 27. Qe3 Nd7
28. g5 a5 29. Bg4 Nb6 30. Be2 Rf8 31. Rf2 Na4 32. b3 Qxa3 33. Ref1 Nb6 34. Qh3
Qc5 35. Kh1 Qd4 36. Bf3 Qd3 37. Rh2 Rh8 38. Bg2 Qc2 39. Qh6+ Kg8 40. Rh3 Nc8 41.
Rhf3 Nd6 42. c5 Qxc5 43. Rf6 Qe3 44. Qh3 Qxg5 45. Qd7 Qh6+ 46. Kg1 Qe3+ 47. R1f2
Qc1+ 48. Bf1 Qg5+ 49. Bg2 Qc1+ 50. Kh2 Qh6+ 51. Bh3 Qf8 52. Qxc7 Kg7 53. Qd7 Rg8
54. Be6 1-0

[Event "Titled Tue 17th Jun Early"]
[Site "chess.com INT"]
[Date "2025.06.17"]
[Round "9"]
[White "Liu, Casper"]
[Black "Duarte Cramer, Lily Jeanette"]
[Result "1-0"]
[WhiteTitle "FM"]
[BlackTitle "WCM"]
[WhiteElo "2325"]
[BlackElo "1828"]
[WhiteFideId "1454153"]
[BlackFideId "29620180"]
[EventDate "2025.06.17"]

1. d4 d5 2. c4 c6 3. Nf3 Nf6 4. Nc3 e6 5. e3 Bd6 6. Qc2 Nbd7 7. b3 O-O 8. Be2
Be7 9. O-O c5 10. Rd1 cxd4 11. Nxd4 dxc4 12. Bxc4 a6 13. e4 b5 14. Be2 Qc7 15.
Be3 Bb7 16. f3 Rac8 17. Rac1 e5 18. Nf5 Bb4 19. Rd3 Ba3 20. Rcd1 b4 21. Bh6 gxh6
22. Qd2 Qb6+ 23. Kh1 bxc3 24. Qxh6 Ne8 25. Rd6 Bxd6 26. Rxd6 Qxd6 27. Nxd6 Nxd6
28. Bd3 c2 29. Bxc2 Rxc2 30. h4 f6 31. a4 Rf7 32. Qe3 Rg7 33. Qd3 Rc6 34. Qd5+
Kf8 35. Qe6 Re7 36. Qg4 Rg7 37. Qe6 Rf7 38. h5 Nc4 39. Qg4 Ncb6 40. h6 Ke7 41.
Qg8 Nc5 42. Kh2 Nxb3 43. Qb8 Nd2 44. Qxb7+ Kd6 45. Qxf7 Kc5 46. Qxh7 Ndc4 47.
Qg7 Nxa4 48. h7 Nd6 49. h8=Q Rb6 50. Qhf8 Kb5 51. Qgxf6 Nc5 52. Qxe5 Kc4 53.
Qg8+ Kb5 54. Qb3+ Kc6 55. Qbd5+ Kb5 56. g4 Rc6 57. g5 Nc4 58. Qxc6+ 1-0

[Event "Titled Tue 17th Jun Early"]
[Site "chess.com INT"]
[Date "2025.06.17"]
[Round "9"]
[White "Mrudul, Dehankar"]
[Black "Craciun, Sasha-Matei"]
[Result "0-1"]
[WhiteTitle "WIM"]
[BlackTitle "FM"]
[WhiteElo "2078"]
[BlackElo "2320"]
[WhiteFideId "25096990"]
[BlackFideId "1281186"]
[EventDate "2025.06.17"]

1. e3 Nf6 2. b3 g6 3. Bb2 Bg7 4. Nf3 O-O 5. Be2 c5 6. O-O b6 7. d3 Bb7 8. Nbd2
d5 9. Re1 Re8 10. Bf1 Nbd7 11. g3 e5 12. e4 dxe4 13. dxe4 Re7 14. Qe2 Qc7 15.
Bh3 a6 16. a4 Rd8 17. Rad1 Bc6 18. Qxa6 Ne8 19. Qe2 Nd6 20. Bg2 Qb7 21. Nh4 Nf6
22. Bf3 h6 23. Ng2 Ndxe4 24. Nxe4 Rxd1 25. Qxd1 Nxe4 26. Ne3 Kh7 27. Nc4 Ng5 28.
Bxc6 Qxc6 29. h4 Nf3+ 30. Kf1 Nh2+ 31. Kg1 Nf3+ 32. Kf1 Nxe1 33. Qxe1 e4 34. Qe3
Bxb2 35. Nxb2 Qd5 36. Nc4 Qd1+ 37. Kg2 Qxc2 38. Nd6 Qd3 39. Qf4 Qd5 40. Nc8 e3+
41. Kh2 Rd7 42. Nxb6 Qc6 43. Nxd7 Qxd7 44. Qxe3 h5 45. Kg2 Qd5+ 46. Qf3 Qc6 47.
Kh2 Qxf3 48. a5 Qxb3 0-1

[Event "Titled Tue 17th Jun Early"]
[Site "chess.com INT"]
[Date "2025.06.17"]
[Round "9"]
[White "Troltenier, Dirk"]
[Black "Raptis, Nick"]
[Result "0-1"]
[WhiteTitle "FM"]
[BlackTitle "FM"]
[WhiteElo "2174"]
[BlackElo "2220"]
[WhiteFideId "4606400"]
[BlackFideId "2016850"]
[EventDate "2025.06.17"]

1. e4 e6 2. d4 d5 3. Nd2 Nf6 4. e5 Nfd7 5. f4 c5 6. c3 Nc6 7. Ndf3 Qb6 8. a3 a5
9. h4 Be7 10. h5 a4 11. Rh3 Na5 12. Bd3 Nb3 13. Rb1 cxd4 14. cxd4 Nxd4 15. Nxd4
Qxd4 16. Nf3 Qb6 17. Rg3 g6 18. Rh3 Rf8 19. Qe2 Nc5 20. Bc2 Bd7 21. Be3 Bb5 22.
Qf2 Qa5+ 23. Bd2 Qa6 24. hxg6 hxg6 25. Qd4 Bd3 26. Rc1 Bxc2 27. Rxc2 Qd3 28.
Qxd3 Nxd3+ 29. Ke2 Nc5 30. Nd4 Ne4 31. Be3 Kd7 32. Rh1 Rac8 33. Rhc1 Rxc2+ 34.
Rxc2 Rc8 35. Rxc8 Kxc8 36. Kd3 Kd7 37. g4 Bc5 38. Nc2 Kc6 39. Bd4 b5 40. Be3
Bxe3 41. Kxe3 Kc5 42. g5 Kc4 43. Nd4 Nc5 44. Nc6 Kb3 45. Nd8 Kxb2 46. Nxf7 b4
47. axb4 a3 48. bxc5 a2 49. c6 a1=Q 50. c7 Qa7+ 51. Kf3 Qxc7 52. Nd6 d4 53. Kg4
d3 54. Ne4 Qc2 55. f5 exf5+ 0-1